Квиз о Грузији - Statistics

General Stats
  • This quiz has been taken 118 times
  • The average score is 13 of 16
Answer Stats
Опис Одговор % Correct
Државе са којима се граничи Русија
98%
Државе са којима се граничи Јерменија
97%
Државе са којима се граничи Азербејџан
96%
Држава од које је добила независност 1991. године Совјетски Савез
95%
Главни град Тбилиси
94%
Море на које излази Црно море
93%
Државе са којима се граничи Турска
92%
Пет ових предмета се налази на застави Крстова
89%
Диктатор рођен 1878. као Јосиф Висарионович Џугашвили Јосиф Стаљин
88%
Планински венац на северној граници Кавказ
86%
Спорт у којем је Грузија освојила 17 од 32 олимпијске медаље Рвање
74%
За Грузине се верује да праве ово пиће преко 8000 година Вино
73%
Назив аутономне области у саставу Грузије Јужна {Осетија}
60%
Назив регије у римско доба у којој се налази Грузија (има исти назив као полуострво на којем се налази Шпанија) Иберија
58%
Назив аутономне републике у саставу Грузије Абхазија
40%
Највећи грузински град на том мору Батуми
31%
No matching quizzes found
Score Distribution
Percent of People with Each Score
Percentile by Number Answered
Your Score History
You have not taken this quiz